ბათუმის შოთა რუსთაველის სახელმწიფო უნივერსიტეტის ბიბლიოთეკა

პაროდონტის დაავადებების არაქირურგიული და ქირურგიული მკურნალობა : (ბიბ.ჩანაწერი № 60928)

000 -ლიდერი
ფიქსირებული სიგრძის საკონტროლო ველი 01377nam a22002537a 4500
003 - საკონტროლო ნომრის იდენტიფიკატორი
საკონტროლო ველი Ge_BSU
005 - ბოლო ოპერაციის თარიღი და დრო
საკონტროლო ველი 20231121113444.0
008 - ფიქსირებული სიგრძის მონაცემთა ელემენტები - ზოგადი ინფორმაცია
ფიქსირებული სიგრძის საკონტროლო ველი 231121s2022 ge ||||| |||| 00| 0 geo d
020 ## - წიგნის საერთაშორისო სტანდარტული ნომერი
International Standard Book Number 9789941844249
041 ## - ენის კოდი
Language code of text/sound track or separate title geo
080 ## - უნივერსალური ათობითი კლასიფიკაციის ინდექსი
Universal Decimal Classification number 616.314-089 ნ-37
100 ## - მთავარი ჩანაწერი - პიროვნების სახელი
Personal name ნაცვლიშვილი, თეა
9 (RLIN) 10193
245 ## - ცნობა სათაურის შესახებ
Title პაროდონტის დაავადებების არაქირურგიული და ქირურგიული მკურნალობა :
Remainder of title მეორე ტომი /
Statement of responsibility, etc თეა ნაცვლიშვილი, ქეთევან გოგილაშვილი.
264 ## - წარმოების, გამოცემის, დისტრიბუციის და სხვა ცნობები
გამოცემის, წარმოების, დისტრიბუციის... ადგილი [ქ.გ.]:
გამოცემის, წარმოების, დისტრიბუციის... სახელწოდება [გ.გ.],
გამოცემის, წარმოების, დისტრიბუციის... თარიღი 2022.
300 ## - ფიზიკური აღწერა
Extent 550 გვ.:
Other physical details ილ.;
Dimensions 25 სმ.
501 ## - შენიშვნა თანმხლებ მასალაზე
With note ბიბლიოგრ. ყველა თავების ბოლოს
653 ## - INDEX TERM--UNCONTROLLED
Uncontrolled term სტომატოლოგია
653 ## - INDEX TERM--UNCONTROLLED
Uncontrolled term პაროდონტის კლინიკური ანატომია
653 ## - INDEX TERM--UNCONTROLLED
Uncontrolled term პაროდონტის ანთებითი დაავადებების მკურნალობა
653 ## - INDEX TERM--UNCONTROLLED
Uncontrolled term იმპლანტი
653 ## - INDEX TERM--UNCONTROLLED
Uncontrolled term კბილების შინირება
700 ## - ADDED ENTRY--PERSONAL NAME
Personal name გოგილაშვილი, ქეთევან
Relator term ავტორი
9 (RLIN) 20439
942 ## - ADDED ENTRY ELEMENTS (KOHA)
Source of classification or shelving scheme
Koha item type წიგნი
ეგზემპლარები
ჩამოწერის სტატუსი დაკარგული ეგზემპლარის სტატუსი კლასიფიკაციის წყარო ან თაროზე გაწყობის სქემა დაზიანების სტატუსი არ გაიცემა მუდმივი მდებარეობა (დაცვის ადგილი) ამჟამინდელი ადგილსამყოფელი თაროზე განთავსების ადგილი შეძენის თარიღი ღირებულება, შესყიდვის ნორმალური ფასი სრული შენახვის შიფრი შტრიხკოდი ბოლო ოპერაციის თარიღი ეგზემპლარის მიმდევრობითი ნომერი (კეტერი?) ფასის ძალაში შესვლის თარიღი ეგზემპლარის სახეობა საჯარო შენიშვნა
          ბათუმის შოთა რუსთაველის სახელმწიფო უნივერსიტეტის მთავარი ბიბლიოთეკა ბათუმის შოთა რუსთაველის სახელმწიფო უნივერსიტეტის მთავარი ბიბლიოთეკა წიგნსაცავი 2023-11-21 105.00 616.314-089 ნ-37 66892 2023-11-21 66892 2023-11-21 წიგნი 105 ლ.
          ბათუმის შოთა რუსთაველის სახელმწიფო უნივერსიტეტის მთავარი ბიბლიოთეკა ბათუმის შოთა რუსთაველის სახელმწიფო უნივერსიტეტის მთავარი ბიბლიოთეკა წიგნსაცავი 2023-11-21 105.00 616.314-089 ნ-37 66893 2023-11-21 66893 2023-11-21 წიგნი 105 ლ.
          ბათუმის შოთა რუსთაველის სახელმწიფო უნივერსიტეტის მთავარი ბიბლიოთეკა ბათუმის შოთა რუსთაველის სახელმწიფო უნივერსიტეტის მთავარი ბიბლიოთეკა წიგნსაცავი 2023-11-21 105.00 616.314-089 ნ-37 66894 2023-11-21 66894 2023-11-21 წიგნი 105 ლ.
          ბათუმის შოთა რუსთაველის სახელმწიფო უნივერსიტეტის მთავარი ბიბლიოთეკა ბათუმის შოთა რუსთაველის სახელმწიფო უნივერსიტეტის მთავარი ბიბლიოთეკა წიგნსაცავი 2023-11-21 105.00 616.314-089 ნ-37 66895 2023-11-21 66895 2023-11-21 წიგნი 105 ლ.